banner-ar

CLINICAL IMMUNOLGY - PRENCIPLES AND PRACTICE / (Record no. 10779)

MARC details
000 -الفاتح
حقل البيانات ثابتة الطول 00594nam a2200205Ia 4500
008 - عناصر البيانات ثابتة الطول - معلومات عامة
حقل البيانات ثابتة الطول 140319s9999 xx 000 0 eng d
040 ## - مصدر الفهرسة
وكالة الفهرسة الأصلية GCL /
وكالة النسخ GCL
082 04 - رقم تصنيف ديوى العشرى
رقم التصنيف 616.079
رقم المادة R C
100 1# - المدخل الرئيسى - إسم شخصى
الإسم الشخصى SHEAREI, WILLEAM T
245 10 - بيان العنوان
العنوان CLINICAL IMMUNOLGY - PRENCIPLES AND PRACTICE /
بيان المسئوليه,etc SHEAREI, WILLEAM T
700 1# - المدخل الاضافى - اسم شخصى
الإسم الشخصى RIEH, ROBERT R
700 1# - المدخل الاضافى - اسم شخصى
الإسم الشخصى FLEISHER, THOMAS A
260 ## - PUBLICATION, DISTRIBUTION, ETC. (IMPRINT)
تاريخ النشر أو التوزيع 1996
650 04 - المدخل الاضافى بالموضوع-مصطلح موضوعى
مصطلح موضوعي IMMUNOLOGY
650 04 - المدخل الاضافى بالموضوع-مصطلح موضوعى
مصطلح موضوعي IMMUNOLOGICAL DISEASES
650 04 - المدخل الاضافى بالموضوع-مصطلح موضوعى
مصطلح موضوعي IMMUNE SYSTEM PHYSIOLOGY
650 04 - المدخل الاضافى بالموضوع-مصطلح موضوعى
مصطلح موضوعي IMMUNETY - PHYSIOLOGY
942 ## - عناصر المدخل الإضافي( كوها)
مصدر التصنيف او مخطط الترفيف Dewey Decimal Classification
Koha [default] item type كتاب
260 ## - PUBLICATION, DISTRIBUTION, ETC. (IMPRINT)
-- [S.N] :
-- MOSBY -YEAR BOOK , JNC ،
Holdings
حالة التراجع حالة الفقد حالة تلف ليس للاعارة المكان المؤقت الموقع الحالى تاريخ الاكتساب اجمالي اﻻعارات رقم الطلب الباركود تاريخ اخر مشاهدة تاريخ تفعيل السعر نوع وعاء كوها
        مكتبة القاهرة الكبرى مكتبة القاهرة الكبرى 03/26/2014   616.079\R C 21675 03/26/2014 03/26/2014 كتاب
        مكتبة القاهرة الكبرى مكتبة القاهرة الكبرى 03/26/2014   616.079\R C 21676 03/26/2014 03/26/2014 كتاب

Powered By

EGPV